ECDL - nástroj ekonomického vzdelávania

Informačné a komunikačné technológie (IKT) v spoločnosti. V ekonomickej oblasti je táto potreba znásobená. Vývoj IKT je od vzniku prvých počítačov nerozlučne spätý s aplikáciami z ekonomickej oblasti. Prvé použitie počítačov sa týka dvoch oblastí, vedecko-technických výpočtov (matematika, fyzika, .....

Descrizione completa

Salvato in:
Dettagli Bibliografici
Autore principale: Gašperanová, Agneša
Natura: Capitolo di libro
Lingua:slovacco
Soggetti:
Tags: Aggiungi Tag
Nessun Tag, puoi essere il primo ad aggiungerne!!

MARC

LEADER 00000nla$a2200000$$$4500
001 0083926
005 20240502071937.6
041 0 |a slo 
044 |a SK 
245 1 0 |a ECDL - nástroj ekonomického vzdelávania  |c Agneša Gašperanová 
520 |a Informačné a komunikačné technológie (IKT) v spoločnosti. V ekonomickej oblasti je táto potreba znásobená. Vývoj IKT je od vzniku prvých počítačov nerozlučne spätý s aplikáciami z ekonomickej oblasti. Prvé použitie počítačov sa týka dvoch oblastí, vedecko-technických výpočtov (matematika, fyzika, ...) a so spracovania hromadných údajov (administratíva, databanky, informačné systémy). Vodičský preukaz na počítače. 
610 2 0 |a technológie informačné 
610 2 0 |a technológie komunikačné 
610 2 0 |a počítače 
610 2 0 |a trh práce 
100 1 |a Gašperanová, Agneša